| 000 | 00585nam a2200217 a 4500 | ||
|---|---|---|---|
| 999 |
_c2082 _d2082 |
||
| 001 | 2082 | ||
| 003 | BD-JhCC | ||
| 005 | 20180304094254.0 | ||
| 008 | 171029s1968 Fela|||| || | 001 0 eng d | ||
| 035 | _a(BD-JhCC)2082 | ||
| 040 |
_aBD-JhCC _dBD-JhCC |
||
| 041 | _aeng | ||
| 082 |
_a904 _bGOR 1968 |
||
| 100 | _aGordon, Ian Fellowes | ||
| 245 |
_aThe world's Most Thrilling Escapes / _cIan Fellowes Gordon, |
||
| 260 |
_aHamlyn : _bThe Hamlyn Publishing Group Ltd, _c1968 |
||
| 300 |
_a232 p. : _c20 cm |
||
| 650 | _aAdventure and Adventurers | ||
| 942 |
_2ddc _cBK |
||